000 00910cab a2200181 4500
001 ##L136425
008 070130n2007 000 0 eng u
035 _a(Sirsi) u136425
041 0 _aeng
245 0 0 _aKeeping brownfield green
260 _c2007
490 0 _aBuilding Engineer
_v82(1) January 2007, 16-17(2)
520 _aDiscusses the challenges of developing brownfield sites rich in wildlife and looks at the practice of designing for biodiversity. Outlines the benefits of green and brown roofs, including the fact that their load values compare favourably with other roofing types. Also shows how green walls, a living cladding system using climbing plants, can provide a good opportunity for wildlife. Concludes by highlighting best practice resources.
590 _aKA
651 4 _aUnited Kingdom
_y
690 _aPROPERTY-PROPERTY DEVELOPMENT-SUSTAINABLE PROPERTY DEVELOPMENT
942 _n0
999 _c78283
_d78283